000 00307 a2200133 4500
001 148419
040 _cEscola São Tomás de Aquino
100 _aMACHADO, Ana Maria
240 1 0 _aUm gato no telhado
_lpor
245 1 0 _aUm gato no telhado
362 0 _a1999
697 _a*LITERATURA INFANTO
942 _cBK
999 _c148419
_d148419